[Event "Vallfogona rapid op 25th"]
[Site "Vallfogona de Balaguer"]
[Date "2017.09.17"]
[Round "1"]
[White "Carrete Recasens, Jordi"]
[Black "Movsziszian, Karen"]
[Result "0-1"]
[WhiteElo "1713"]
[BlackElo "2519"]
[PlyCount "43"]
[EventDate "2017.09.17"]
[EventType "swiss (rapid)"]
[EventRounds "9"]
[EventCountry "ESP"]
[SourceTitle "CBM 180 Extra"]
[Source "ChessBase"]
[SourceDate "2017.10.06"]
[SourceVersion "1"]
[SourceVersionDate "2017.10.06"]
[SourceQuality "1"]

1. e4 g6 2. d4 Bg7 3. g3 d6 4. Bg2 Nf6 5. Nc3 0-0 6. Nf3 c6 7. 0-0 Nbd7 8. Re1 e5 9. dxe5 dxe5 10. Qd6 Ne8 11. Qd1 Nc7 12. a4 Ne6 13. Qd6 Re8 14. Be3 Bf8 15. Qd2 Qc7 16. Bh6 Be7 17. Rad1 a5 18. h4 Nf6 19. Ng5 Nd4 20. Ne2 Nxe2+ 21. Qxe2 Ng4 22. Qd2 0-1